|
|
|
|
| LEADER |
00000nam a2200000 a 4500 |
| 005 |
20111222134048.0 |
| 007 |
cr|||| |||| |
| 008 |
051024s2005 sp |||||| o000 ||spa|c |
| 017 |
|
|
|a DL M. 32622-2005
|
| 020 |
|
|
|a 8497727142
|
| 035 |
|
|
|a 1287
|
| 040 |
|
|
|d vLex
|
| 090 |
|
|
|c 2856
|d 2856
|
| 100 |
1 |
|
|a Sǹchez Garca̕ de Paz, Ma. Isabel
|
| 245 |
1 |
3 |
|a La Criminalidad organizada
|h [Recurso electrn̤ico] :
|b aspectos penales, procesales, administrativos y policiales /
|c Isabel Sǹchez Garca̕ de Paz
|
| 256 |
|
|
|a Servicio en ln̕ea
|
| 260 |
|
|
|a Madrid :
|b Dykinson,
|c 2005
|
| 300 |
|
|
|a 1 recurso electrn̤ico
|
| 504 |
|
|
|a Referencias bibliogrf̀icas p. [319]-349
|
| 506 |
1 |
|
|a Contenido solo disponible en los productos indicados
|d vLex Global
|d vLex Global (Academic Edition, excluding Law Schools)
|d vLex Global (U.S. Academic Edition, Law Schools)
|d vLex Global (U.S. Academic Edition, excluding Law Schools)
|d vLex Global (Academic Edition, Law Schools)
|
| 650 |
0 |
4 |
|a Crimen organizado
|x Derecho
|z Espaą
|
| 650 |
0 |
4 |
|2 Tesauro vLex
|a Polt̕ica criminal y criminologa̕
|
| 650 |
0 |
4 |
|2 Tesauro vLex
|a Penal
|
| 710 |
1 |
|
|a Espaą.
|b Ministerio del Interior
|
| 740 |
0 |
|
|a vLex Libros (Servicio en ln̕ea)
|
| 856 |
4 |
0 |
|u http://vlex.com/source/criminalidad-organizada-aspectos-penales-procesales-administrativos-policiales-1287
|z Acceso restringido
|
| 942 |
|
|
|c BOOK
|
| 999 |
0 |
|
|a Criminology
|
| 999 |
0 |
|
|a Criminal law
|